000 00839nam a2200253Ia 4500
003 OSt
005 20220918110812.0
006 a|||||r|||| 00| 0
007 ta
008 220915b |||||||| |||| 00| 0 hin d
024 _a92,665
037 _cReference Collections
040 _aARTS
_cARTS
_bhin
041 _2hin
_ahin
082 _aO152k, N0(RR)
100 _aकौशिक, अशोक, ले.
245 0 _aबृहत् हिन्दी मुहावरा कोश
246 _aBṛuhat hindī muhāvarā kosha
260 _aदिल्ली
_bहिन्दी पुस्तक भवन भारत
_c1990
300 _a523पृ0
650 _afgUnh lkfgR;
942 _hO152k, N0(RR)
_cREF
999 _c114878
_d114878